000 01622nam a2200373 a 4500
001 000000811
003 DO-SdBNP
005 20250703111105.0
008 090522s2002 sp 000 0 spa d
020 _a8474328896
020 _a9788474328899
040 _aDO-SdBNP
_bspa
_cBNPHU
041 1 7 _aspa
_2ger
082 _a320.01
_bA681t
100 1 _aArendt, Hannah,
_d1906-1975
_92815
245 1 0 _aTiempos presentes /
_cHannah Arendt ; traducción R.S. Carbó ; edición Marie Luise Knott.
260 _aBarcelona :
_bGedisa,
_c2002.
300 _a222 p. ;
_c23 cm.
490 0 _aCla De Ma
500 _aTítulo original en alemán: Zur zeit. Politische essays.
500 _aDatos del libro y del autor en la contracubierta.
500 _aIncluye una cronología del autor: p. 219-220.
500 _aIncluye un listado de obras en castellano del autor: p. 221-222.
505 0 _aNosostros, los refugiados -- El problema alemán -- Visita a Alemania 1950 -- Europa y América -- Little Rock -- Desobediencia civil -- 200 años de la revolución americana -- Epílogo a la reedición -- Notas -- El problema alemán no es ningún problema alemán -- Cronología -- Obras de Hannah Arendt publicadas en castellano.
650 0 _a Ciencia política
_xFilosofía
_ySiglo XX
_920383
650 0 _a Ciencia política
_xFilosofía
_920383
650 4 _aEstados unidos
_xHistoria
_92818
650 4 _aAlemania
_xHistoria
_92819
650 4 _aEuropa
_xHistoria
_92820
700 1 _aCarbó, R.S.,
_etr.
_92821
700 1 _aKnott, Marie Luise,
_eed.
_92822
830 0 _aCla De Ma
_aFilosofía
_92823
942 _2ddc
_cLBS1
999 _c807
_d807